Estudios sobre el desarrollo de la próstata. (Record no. 175115)

MARC details
000 -LEADER
campo de control de longitud fija 00904nam a22002175i 4500
001 - NÚMERO DE CONTROL
campo de control 175115
003 - IDENTIFICADOR DE NÚMERO DE CONTROL
campo de control ES-MaACL
005 - FECHA Y HORA DE LA ÚLTIMA TRANSACCIÓN
campo de control 20260303063014.0
008 - DATOS DE LONGITUD FIJA--INFORMACIÓN GENERAL
campo de control de longitud fija 101006s1952 sp |||| | spa d
080 ## - NÚMERO DE LA CLASIFICACIÓN DECIMAL UNIVERSAL
Número de la Clasificación Decimal Universal 611.63
100 0# - ENTRADA PRINCIPAL--NOMBRE DE PERSONA
Nombre de persona Dehesa Bailo, Alfonso
9 (RLIN) 43249
245 10 - MENCIÓN DEL TÍTULO
Título Estudios sobre el desarrollo de la próstata.
Nombre de parte o sección de la obra I.
-- Aparición local y temporal de los esbozos glandulares de la próstata humana, sus agrupaciones e histogénesis iniciales /
Mención de responsabilidad, etc. por Alfonso Dehesa Bailo.
260 ## - PUBLICACIÓN, DISTRIBUCIÓN, ETC.
Lugar de publicación, distribución, etc. [Madrid] :
Nombre del editor, distribuidor, etc. Instituto "Santiago Ramón y Cajal" de Investigaciones Biológicas,
Fecha de publicación, distribución, etc. 1952.
300 ## - DESCRIPCIÓN FÍSICA
Extensión 60 p., [5] p. :
Otras características físicas il. ;
Dimensiones 26 cm.
490 1# - MENCIÓN DE SERIE
Mención de serie Monografías de ciencia moderna ;
Designación de volumen o secuencia 39
650 14 - PUNTO DE ACCESO ADICIONAL DE MATERIA--TÉRMINO DE MATERIA
Término de materia o nombre geográfico como elemento de entrada Próstata.
9 (RLIN) 143480
710 2# - ENTRADA AGREGADA--NOMBRE DE ENTIDAD CORPORATIVA
Nombre de entidad corporativa o nombre de jurisdicción como elemento de entrada Instituto Cajal.
9 (RLIN) 172571
830 1# - PUNTO DE ACCESO ADICIONAL DE SERIE-TÍTULO UNIFORME
Título uniforme Monografías de ciencia moderna
Designación de volumen o secuencia 39
9 (RLIN) 189470
852 ## - LOCALIZACIÓN
Ubicación ES-MaACL
Número de control de estantería E-13304
Encuadernación Olim P-555 bis
Holdings
Estatus retirado Estado de pérdida Estado de daño No para préstamo Biblioteca de origen Biblioteca actual Ubicación en estantería Fecha de adquisición Fuente de adquisición Total de préstamos Signatura topográfica completa Código de barras Visto por última vez Precio de reemplazo Tipo de ítem Koha
        Biblioteca del Ateneo de Madrid Biblioteca del Ateneo de Madrid Depósito 2 06/10/2010     E-13304 1183874 23/02/2023 23/02/2023 Libro impreso